| Tag |
First Indicator |
Second Indicator |
Subfields |
| LEADER |
00000cam a22000001a 4500 |
| 001 |
in00003384708 |
| 006 |
m d f |
| 007 |
cr bn mmmapmmp |
| 008 |
100727s2002 dcu o f000 0 eng d |
| 005 |
20260430205413.5 |
| 035 |
|
|
|a cis2007898859
|
| 040 |
|
|
|a ProQuest
|c ProQuest
|d UtOrBLW
|
| 043 |
|
|
|a n-us---
|
| 099 |
|
|
|a CRS-2002-FDT-0404
|
| 110 |
2 |
|
|a Library of Congress.
|b Congressional Research Service.
|
| 245 |
1 |
0 |
|a NAFTA Labor Side Agreement :
|b Lessons for the Worker Rights and Fast-Track Debate.
|
| 264 |
|
1 |
|a [Place of publication not identified] :
|b [publisher not identified],
|c 2002.
|
| 300 |
|
|
|a 1 online resource.
|
| 336 |
|
|
|a text
|b txt
|2 rdacontent
|
| 337 |
|
|
|a computer
|b c
|2 rdamedia
|
| 338 |
|
|
|a online resource
|b cr
|2 rdacarrier
|
| 500 |
|
|
|a Record is based on bibliographic data in ProQuest U.S. Congressional Research Digital Collection (last viewed July 2010). Reuse except for individual research requires license from ProQuest, LLC.
|
| 500 |
|
|
|a CRS Report.
|
| 520 |
|
|
|a Examines main provisions of the North American Agreement on Labor Cooperation (NAALC), a side agreement to NAFTA, which enjoins signatories to promote worker rights principles and provides limited application of sanctions for enforcement. Analyzes the debate over presidential "fast-track" authority using results and lessons drawn from NAALC; and reviews key fast-track legislation in 2001 and recent legislative developments.
|
| 500 |
|
|
|a Electronic resource.
|
| 650 |
|
0 |
|a Child labor.
|
| 650 |
|
0 |
|a Discrimination in employment.
|
| 650 |
|
0 |
|a Human rights.
|
| 655 |
|
7 |
|a Electronic books.
|2 local
|
| 710 |
2 |
|
|a ProQuest (Firm)
|
| 776 |
0 |
8 |
|i Microfiche version:
|a Library of Congress. Congressional Research Service.
|t NAFTA Labor Side Agreement
|
| 830 |
|
0 |
|a U.S. Congressional Research.
|
| 856 |
4 |
0 |
|u http://proxy.library.tamu.edu/login?url=https://congressional.proquest.com/congcomp/getdoc?CRDC-ID=CRS-2002-FDT-0404
|z Connect to the full text of this electronic book
|t 0
|
| 999 |
|
|
|a MARS
|
| 999 |
f |
f |
|s e7716afa-feeb-3745-9101-b32c6a7bcb22
|i b2a3e5ff-4a85-3f87-9e06-04c3e7525cc6
|t 0
|
| 952 |
f |
f |
|a Texas A&M University
|b College Station
|c Electronic Resources
|s www_evans
|d Available Online
|t 0
|e CRS-2002-FDT-0404
|h Other scheme
|
| 998 |
f |
f |
|a CRS-2002-FDT-0404
|t 0
|l Available Online
|